Vyšší hospodársky rast ešte neznamená väčší blahobyt

Fraser Institute z Kanady vo svojej výročnej správe zoradil krajiny sveta podľa ekonomickej slobody na základe 21 faktorov. Ukázal vplyv ďalších faktorov na životnú úroveň obyvateľov, ktoré ekonómovia doteraz zanedbávali. R. Roll a J. Talbott vo svojej štúdii preskúmali vzťah medzi HDP na obyvateľa...

Ausführliche Beschreibung

Gespeichert in:
Bibliographische Detailangaben
1. Verfasser: Zverková, Soňa
Format: Buchkapitel
Sprache:Slowakisch
Schlagworte:
Tags: Tag hinzufügen
Keine Tags, Fügen Sie das erste Tag hinzu!

MARC

LEADER 00000naa$a2200000$$$4500
001 0018418
005 20231004122629.9
041 0 |a slo 
044 |a SK 
245 1 0 |a Vyšší hospodársky rast ešte neznamená väčší blahobyt  |c aut. Soňa Zverková 
520 |a Fraser Institute z Kanady vo svojej výročnej správe zoradil krajiny sveta podľa ekonomickej slobody na základe 21 faktorov. Ukázal vplyv ďalších faktorov na životnú úroveň obyvateľov, ktoré ekonómovia doteraz zanedbávali. R. Roll a J. Talbott vo svojej štúdii preskúmali vzťah medzi HDP na obyvateľa a celým radom štrukturálnych kritérií, ktoré môžu ovplyvňovať prosperitu. 
610 2 0 |a faktory rastu hospodárskeho 
610 2 0 |a rast hospodársky 
610 2 0 |a blahobyt 
610 2 0 |a úroveň životná 
610 2 0 |a produkt domáci hrubý 
100 1 |a Zverková, Soňa